Roblox All Bedwars Kits | Season 11 - Statistics

General Stats
  • This quiz has been taken 153 times
    152 since last reset
  • The average score is 38 of 99
Answer Stats
Kits % Correct
Barbarian
70%
Jade
66%
Pyro
65%
Aery
61%
Yuzi
60%
Farmer Cletus
59%
Void Regent
59%
Elektra
57%
Sheila
57%
Archer
55%
Ares
54%
Grim Reaper
54%
Santa
51%
Whisper
51%
Builder
49%
Eldertree
49%
Warrior
49%
Zephyr
48%
Adetunde
47%
Zeno
47%
Axolotl Amy
46%
Beekeeper Beatrix
46%
Evelynn
46%
Sigrid
46%
Yeti
46%
Jack
45%
Agni
43%
Hannah
43%
Gingerbread Man
42%
Nyx
42%
Raven
42%
Baker
41%
Eldric
41%
Frosty
41%
Pirate Davey
41%
Terra
41%
Crypt
40%
Cyber
40%
Fortuna
40%
Lian
40%
Metal Detector
40%
Bounty Hunter
39%
Kaida
39%
Kaliyah
39%
Trapper
39%
Alchemist
37%
Fisherman
37%
Noelle
37%
Smoke
37%
Spirit Catcher
37%
Taliyah
37%
Vanessa
37%
Gompy
36%
Lucia
36%
Marina
36%
Miner
36%
Nazar
36%
Warden
36%
Drill
35%
Ember
35%
Freiya
35%
Lyla
35%
Crocowolf
34%
Dino Tamer Dom
34%
Hephaestus
34%
Infernal Shielder
34%
Lassy
34%
Caitlyn
33%
Flora
33%
Whim
33%
Death Adder
31%
Lani
31%
Lumen
31%
Milo
31%
Xu'rot
31%
Yamini
31%
Zenith
31%
Merchant Marco
30%
Sheep Herder
30%
Star Collector Stella
30%
Triton
30%
Umbra
30%
Nyoka
29%
Silas
29%
Trinity
29%
Vulcan
29%
Ignis
28%
Umeko
28%
Cobalt
27%
Styx
27%
Wren
25%
Cogsworth
24%
Melody
24%
Conqueror
22%
None
18%
Bezkat
16%
Infected Disruptor
1%
Infected Rush
1%
Infected Tank
1%
No matching quizzes found
Score Distribution
Percent of People with Each Score
Percentile by Number Answered
Your Score History
You have not taken this quiz since the last reset